Katzung & Trevor's pharmacology : (Record no. 295)

000 -LEADER
fixed length control field 05279nam a22005057a 4500
001 - CONTROL NUMBER
control field 1052466341
003 - CONTROL NUMBER IDENTIFIER
control field OCoLC
005 - DATE AND TIME OF LATEST TRANSACTION
control field 20241110183401.0
006 - FIXED-LENGTH DATA ELEMENTS--ADDITIONAL MATERIAL CHARACTERISTICS
fixed length control field m o d
007 - PHYSICAL DESCRIPTION FIXED FIELD--GENERAL INFORMATION
fixed length control field cr |||||||||||
008 - FIXED-LENGTH DATA ELEMENTS--GENERAL INFORMATION
fixed length control field 180913s2019 nyua ob 001 0 eng d
020 ## - INTERNATIONAL STANDARD BOOK NUMBER
International Standard Book Number 9781259641022
Qualifying information paperback
020 ## - INTERNATIONAL STANDARD BOOK NUMBER
International Standard Book Number 1259641023
Qualifying information paperback
020 ## - INTERNATIONAL STANDARD BOOK NUMBER
Canceled/invalid ISBN 1259641023
Qualifying information paperback
035 ## - SYSTEM CONTROL NUMBER
System control number (OCoLC)1052466341
040 ## - CATALOGING SOURCE
Original cataloging agency KOS
Language of cataloging eng
Description conventions pn
Transcribing agency KOS
Modifying agency OCLCO
-- PFM
-- VTM
-- MMU
-- USU
-- TVJ
-- YYE
041 ## - LANGUAGE CODE
Language code of text/sound track or separate title eng
049 ## - LOCAL HOLDINGS (OCLC)
Holding library YYEA
-- VZYM
080 ## - UNIVERSAL DECIMAL CLASSIFICATION NUMBER
Universal Decimal Classification number 615
Item number K-23
096 ## - LOCALLY ASSIGNED NLM-TYPE CALL NUMBER (OCLC)
Classification number QV 18.2 K19 2019
100 1# - MAIN ENTRY--PERSONAL NAME
Personal name Katzung, Bertram G.
245 10 - TITLE STATEMENT
Title Katzung & Trevor's pharmacology :
Remainder of title examination & board review /
Statement of responsibility, etc. Betram G. Katzung, Marieke Kruidering-Hall, Anthony J. Trevor.
246 30 - VARYING FORM OF TITLE
Title proper/short title Pharmacology.
246 33 - VARYING FORM OF TITLE
Title proper/short title Katzung and Trevor's pharmacology.
250 ## - EDITION STATEMENT
Edition statement 12th ed.
260 ## - PUBLICATION, DISTRIBUTION, ETC.
Place of publication, distribution, etc. New York :
Name of publisher, distributor, etc. McGraw-Hill Education,
Date of publication, distribution, etc. [2019]
300 ## - PHYSICAL DESCRIPTION
Extent 585 p. :
Other physical details color illustrations.
365 ## - TRADE PRICE
Price amount 85.64 usd
500 ## - GENERAL NOTE
General note Revised edition of: Katzung & Trevor's pharmacology : examination & board review / Anthony J. Trevor, Bertram G. Katzung, Marieke Kruidering-Hall. Eleventh edition. [2015].
500 ## - GENERAL NOTE
General note EINSTEIN & MMC: available online via AccessMedicine. See Reference staff for assistance.
504 ## - BIBLIOGRAPHY, ETC. NOTE
Bibliography, etc. note Includes bibliographical references and index.
505 0# - FORMATTED CONTENTS NOTE
Formatted contents note Part I: Basic principles. Introduction -- Pharmacodynamics -- Pharmacokinetics -- Drug metabolism -- Pharmacogenomics -- Part II: Autonomic drugs. Introduction to autonomic pharmacology -- Cholinoceptor-activating & cholinesterase-inhibiting drugs -- Cholinoceptor blockers & cholinesterase regenerators -- Sympathomimetics -- Adrenoceptor blockers -- Part III: Cardiovascular drugs. Drugs used in hypertension -- Drugs used in the treatment of angina pectoris -- Drugs used in heart failure -- Antiarrhythmic drugs -- Diuretics & other drugs that act on the kidney -- Part IV: Drugs with important actions on smooth muscle. Histamine, serotonin, drugs used in obesity, & the ergot alkaloids -- Vasoactive peptides -- Prostaglandins & other eicosanoids -- Nitric oxide, donors, & inhibitors -- Drugs used in asthma & chronic obstructive pulmonary disease -- Part V: Drugs that act in the central nervous system. Introduction to CNS pharmacology -- Sedative-hypnotic drugs -- Alcohols -- Antiseizure drugs -- General anesthetics -- Local anesthetics -- Skeletal muscle relaxants -- Drugs used in parkinsonism & other movement disorders -- Antipsychotic agents & lithium -- Antidepressants -- Opioid analgesics & antagonists -- Drugs of abuse -- Part VI: Drugs with important actions on blood, inflammation, & gout. Agents used in cytopenias; hematopoietic growth factors -- Drugs used in coagulation disorders -- Agents used in dyslipidemia -- NSAIDs, acetaminophen, & drugs used in rheumatoid arthritis & gout -- Part Vii: Endocrine drugs. Hypothalamic & pituitary hormones -- Thyroid & antithyroid drugs -- Adrenocorticosteroids & adrenocortical antagonists -- Gonadal hormones & inhibitors -- Pancreatic hormones, antidiabetic drugs, & glucagon -- Agents that affect bone mineral homeostasis -- Part VIII: Chemotherapeutic drugs -- Chemotherapeutic drugs: introduction -- Beta-lactam antibiotics & other cell wall- & membrane-active antibiotics -- Tetracyclines, macrolides, clindamycin, chloramphenicol, streptogramins, & oxazolidinones -- Aminoglycosides & spectinomycin -- Sulfonamides, trimethoprim, & fluoroquinolones -- Antimycobacterial drugs -- Antifungal agents -- Antiviral agents -- Miscellaneous antimicrobial agents & disinfectants, antiseptics, & sterilants -- Clinical use of antimicrobial agents -- Antiprotozoal drugs -- Clinical pharmacology of the antihelminthic drugs -- Cancer chemotherapy -- Immunopharmacology -- Part IX: Toxicology. Environmental & occupational toxicology -- Heavy metals -- Management of the poisoned patient -- Part X: Special topics. Drugs used in gastrointestinal disorders -- Dietary supplements & herbal medications -- Important drug interactions & their mechanisms -- Appendices. Strategies for improving test performance -- Key words for key drugs.
520 ## - SUMMARY, ETC.
Summary, etc. "This book is designed to help students review pharmacology and to prepare for both regular course examinations and board examinations. The twelfth edition has been revised to make such preparation as active and efficient as possible. As with earlier editions, rigorous standards of accuracy and currency have been maintained in keeping with the book's status as the companion to the Basic & Clinical Pharmacology textbook."--Preface.
588 ## - SOURCE OF DESCRIPTION NOTE
Source of description note Description based on online resource; title from electronic title page (AccessMedicine viewed September 17, 2018).
590 ## - LOCAL NOTE (RLIN)
Local note c.1 10072597 Ritt 2/4/2019 $54.00.
650 #2 - SUBJECT ADDED ENTRY--TOPICAL TERM
Topical term or geographic name entry element Pharmacology
Form subdivision Examination Questions.
650 #0 - SUBJECT ADDED ENTRY--TOPICAL TERM
Topical term or geographic name entry element Medicine
9 (RLIN) 69
653 ## - INDEX TERM--UNCONTROLLED
Uncontrolled term ფარმაკოლოგია
653 ## - INDEX TERM--UNCONTROLLED
Uncontrolled term მედიცინა
700 1# - ADDED ENTRY--PERSONAL NAME
Personal name Kruidering-Hall, Marieke.
700 1# - ADDED ENTRY--PERSONAL NAME
Personal name Trevor, Anthony J.
710 2# - ADDED ENTRY--CORPORATE NAME
Corporate name or jurisdiction name as entry element McGraw-Hill Companies.
776 08 - ADDITIONAL PHYSICAL FORM ENTRY
Relationship information Print version:
Main entry heading Trevor, Anthony J.
Title Katzung & Trevor's pharmacology.
Edition 12th edition.
Place, publisher, and date of publication Norwalk : McGraw-Hill Educ Medical, 2018
International Standard Book Number 1259641023
Record control number (OCoLC)1031345309.
942 ## - ADDED ENTRY ELEMENTS (KOHA)
Source of classification or shelving scheme
Koha item type Books
Edition 12
Holdings
Withdrawn status Lost status Source of classification or shelving scheme Damaged status Not for loan Permanent location Current location Date acquired Inventory number Total Checkouts Full call number Barcode Date last seen Price effective from Koha item type Date last checked out
          Ken Walker International University Ken Walker International University 11/20/2020 1037   615 K-23 1037 11/20/2020 11/20/2020 Books  
          Ken Walker International University Ken Walker International University 11/20/2020 1038 1 615 K-23 1038 01/22/2025 11/20/2020 Books 01/22/2025
          Ken Walker International University Ken Walker International University 11/21/2020 2092 1 615 K-23 2092 11/01/2024 11/21/2020 Books 10/17/2024
          Ken Walker International University Ken Walker International University 11/21/2020 2048   615 K-23 2048 11/21/2020 11/21/2020 Books  

Powered by Koha